000 01046nam a22002897a 4500
001 4928
003 FISKH
005 20241025111047.0
008 241025b cb ||||| |||| 00| 0 eng d
020 _a9780590436618
040 _aFISKH
_beng
_cFISKH
_dFISKH
050 _aE185.H32
082 _a323.1196073
100 _aHaskin, Jim
245 _aThe Day Martin Luther King Jr. Was Shot :
_bA photo History of the Civil Rights Movement /
_cby Jim Haskins
250 _aFirst Scholastic printing, January 1992
260 _aNew York :
_bScholastic ;
_c1992 .
300 _a96 pages :
_billustrations : maps ;
_c26 cm .
505 _aZ
520 _aPresents the history of the civil rights movement through pictures, newspaper clippings, and text, from colonial times to 1991, framed within the life of Martin Luther King, Jr.
521 8 _a1140
_bLexile
521 8 _aZ
_bRaz-Plus
650 _aAfrican American
_vnon-fiction
700 _aMorrissey, Georgia
_eBook disigner
942 _2ddc
_cBK
_n0
999 _c4928
_d4928